02845nam a2200349 a 4500001001000000003000500010005001700015008004100032040000900073090001000082100004200092245021000134264004100344300004100385336002700426337002900453338003900482502003400521520144600555590002702001590002702028650004502055650003502100650003202135650004602167700004102213856005702254901000702311942005602318999001902374952010202393000113126CHAP20260303113223.0170427s2016 mx sm |||||||spa d cCHAP aTesis1 aGutiérrez Montiel, Fernando913203810aUtilización de tres relaciones de proteína degradable y no degradable en rumen, en la ración de novillos holstein en engorda intensa /cpor Fernando Gutiérrez Montiel y Francisco Uriel Vite Orozco. aChapingo, Méx. :bEl autor,c2016. a1 recurso en línea (86 páginas). 2rdacontentatextobtxt 2rdamediaacomputadorabc 2rdacarrierarecurso en líneabcr bIAEZcZootecníad2016.gLIC aCon el propósito de conocer el comportamiento productivo de novillos Holstein asignados a tres relaciones de PDR: PNDR en la ración, se realizó el presente estudio. Se utilizaron 21 novillos raza Holstein con peso vivo promedio de 180.0 ± 6.00 kg formándose tres grupos aleatoriamente y asignados a tres raciones (Tratamientos) con siete repeticiones por ración y tres relaciones de PDR: PNDR; T1(70:30), T2(50:50) y T3(30:70). Las raciones fueron isoprotéicas (15.6 % PC) e isoenergéticas (2.80 Mcal EM/ kg MS). Se usó un diseño completamente al azar, los datos de las variables estudiadas (GDPV, peso vivo final, consumo de alimento, conversión y eficiencia alimenticia) se sometieron a un análisis de varianza con modelos mixtos y mediciones repetidas en el tiempo. No se encontraron diferencias estadísticas (P> 0.05) en la GDPV de los novillos Holstein asignados a T1(70:30; 1.55 kg), T2(50:50; 1.65 kg) y T3(30:70; 1.47 kg), ni en peso vivo final, aunque los novillos con 50:50% de PDR: PNDR en la ración, fue mayor en 2.5 y 10.5%, comparándolos con los novillos asignados a las racion con 70:30 y 30:70, respectivamente. El consumo de alimento, la conversión y eficiencia alimenticia tampoco fueron influenciados por la relación de PDR: PNDR en la ración consumida, sin embargo, los novillos cuya ración consumida tenía 50:50% de PDR: PNDR fueron los que mejor beneficio económico demostraron. aE5765TAJb05c20170427 aE5765TAJb05c2017042714aGanado HolsteinxAlimentación.913039114aGanado vacunoxEngorda.94546114aGanado vacunoxPeso.94550414aProteínas en nutrición animal.9924541 aVite Orozco, Francisco Uriel9132039 uhttp://10.13.5.2/tesis/sist113126.pdfzDESCARGAR PDF aBK 2Clasificación Universidad Autónoma ChapingocTD c109587d109587 00102local4051708TesDigLaBDbBDcE_Ll0oTesis digitalr2019-12-31 00:00:00w2019-12-31yTD